<?xml version="1.0" encoding="UTF-8"?>
<record
    xmlns:xsi="http://www.w3.org/2001/XMLSchema-instance"
    xsi:schemaLocation="http://www.loc.gov/MARC21/slim http://www.loc.gov/standards/marcxml/schema/MARC21slim.xsd"
    xmlns="http://www.loc.gov/MARC21/slim">

  <leader>00929nam a2200241 a 4500</leader>
  <controlfield tag="001">40399</controlfield>
  <controlfield tag="003">BD-RjUL</controlfield>
  <controlfield tag="005">20211209053214.0</controlfield>
  <controlfield tag="008">160430s1995    bg ||||| |||| 001 0 ben d</controlfield>
  <datafield tag="020" ind1=" " ind2=" ">
    <subfield code="a">9843001451</subfield>
    <subfield code="c">: Tk. 150.00</subfield>
  </datafield>
  <datafield tag="035" ind1=" " ind2=" ">
    <subfield code="a">(BD-RjUL) 40514</subfield>
  </datafield>
  <datafield tag="040" ind1=" " ind2=" ">
    <subfield code="a">BD-RjUL</subfield>
    <subfield code="b">ben</subfield>
    <subfield code="c">BD-RjUL</subfield>
  </datafield>
  <datafield tag="041" ind1=" " ind2=" ">
    <subfield code="a">ben</subfield>
  </datafield>
  <datafield tag="082" ind1=" " ind2=" ">
    <subfield code="2">23</subfield>
    <subfield code="a">010</subfield>
    <subfield code="b">SAG 1995</subfield>
  </datafield>
  <datafield tag="100" ind1=" " ind2=" ">
    <subfield code="a">&#x9B8;&#x9BE;&#x9B2;&#x9BE;&#x9AE;, &#x9AE;&#x9CB;&#x9B9;&#x9BE;&#x9AE;&#x9CD;&#x9AE;&#x9A6; &#x986;&#x9AC;&#x9A6;&#x9C1;&#x9B8;</subfield>
    <subfield code="9">123257</subfield>
  </datafield>
  <datafield tag="245" ind1="1" ind2="0">
    <subfield code="a">&#x997;&#x9CD;&#x9B0;&#x9A8;&#x9CD;&#x9A5;&#x9AA;&#x99E;&#x9CD;&#x99C;&#x9BF; &#x993; &#x9A4;&#x9A5;&#x9CD;&#x9AF;&#x9AC;&#x9BF;&#x99C;&#x9CD;&#x99E;&#x9BE;&#x9A8; /</subfield>
    <subfield code="c">&#x9AE;&#x9CB;&#x9B9;&#x9BE;&#x9AE;&#x9CD;&#x9AE;&#x9A6; &#x986;&#x9AC;&#x9A6;&#x9C1;&#x9B8; &#x9B8;&#x9BE;&#x9B2;&#x9BE;&#x9AE;</subfield>
  </datafield>
  <datafield tag="260" ind1=" " ind2=" ">
    <subfield code="a">&#x9B0;&#x9BE;&#x99C;&#x9B6;&#x9BE;&#x9B9;&#x9C0; :</subfield>
    <subfield code="b">&#x9AE;&#x9BF;&#x9B8;&#x9C7;&#x9B8; &#x9B8;&#x9C1;&#x9AB;&#x9BF;&#x9AF;&#x9BC;&#x9BE; &#x9B8;&#x9BE;&#x9B2;&#x9BE;&#x9AE;, </subfield>
    <subfield code="c">&#x9E7;&#x9EF;&#x9EF;&#x9EB;</subfield>
  </datafield>
  <datafield tag="300" ind1=" " ind2=" ">
    <subfield code="a">vii, &#x9E8;&#x9EF;&#x9EF; &#x9AA;&#x9C3;. ;</subfield>
    <subfield code="c">&#x9E8;&#x9E7; &#x9B8;&#x9C7;&#x9AE;&#x9BF;.</subfield>
  </datafield>
  <datafield tag="500" ind1=" " ind2=" ">
    <subfield code="a">&#x9A8;&#x9BF;&#x9B0;&#x9CD;&#x998;&#x9A3;&#x9CD;&#x99F; &#x9B8;&#x982;&#x9AF;&#x9C1;&#x995;&#x9CD;&#x9A4;</subfield>
  </datafield>
  <datafield tag="650" ind1=" " ind2=" ">
    <subfield code="a">&#x997;&#x9CD;&#x9B0;&#x9A8;&#x9CD;&#x9A5;&#x9AA;&#x99E;&#x9CD;&#x99C;&#x9BF;</subfield>
    <subfield code="9">124453</subfield>
  </datafield>
  <datafield tag="650" ind1=" " ind2=" ">
    <subfield code="a">Bibliography</subfield>
    <subfield code="9">124454</subfield>
  </datafield>
  <datafield tag="942" ind1=" " ind2=" ">
    <subfield code="2">ddc</subfield>
    <subfield code="c">BK</subfield>
    <subfield code="0">1</subfield>
  </datafield>
  <datafield tag="999" ind1=" " ind2=" ">
    <subfield code="c">40399</subfield>
    <subfield code="d">40399</subfield>
  </datafield>
  <datafield tag="952" ind1=" " ind2=" ">
    <subfield code="0">0</subfield>
    <subfield code="1">0</subfield>
    <subfield code="2">ddc</subfield>
    <subfield code="4">0</subfield>
    <subfield code="7">0</subfield>
    <subfield code="8">NFIC</subfield>
    <subfield code="a">RUCL</subfield>
    <subfield code="b">RUCL</subfield>
    <subfield code="c">Stack</subfield>
    <subfield code="d">1996-02-01</subfield>
    <subfield code="e">RUCL</subfield>
    <subfield code="g">150.00</subfield>
    <subfield code="l">0</subfield>
    <subfield code="o">B 010 SAG 1995</subfield>
    <subfield code="r">2016-04-30 00:00:00</subfield>
    <subfield code="t">C-2</subfield>
    <subfield code="w">2016-04-30</subfield>
    <subfield code="y">BK</subfield>
  </datafield>
  <datafield tag="952" ind1=" " ind2=" ">
    <subfield code="0">0</subfield>
    <subfield code="1">0</subfield>
    <subfield code="2">ddc</subfield>
    <subfield code="4">0</subfield>
    <subfield code="7">0</subfield>
    <subfield code="8">NFIC</subfield>
    <subfield code="a">RUCL</subfield>
    <subfield code="b">RUCL</subfield>
    <subfield code="c">Stack</subfield>
    <subfield code="d">1996-02-01</subfield>
    <subfield code="e">RUCL</subfield>
    <subfield code="g">150.00</subfield>
    <subfield code="l">1</subfield>
    <subfield code="o">B 010 SAG 1995</subfield>
    <subfield code="r">2017-03-09 00:00:00</subfield>
    <subfield code="s">2017-03-06</subfield>
    <subfield code="t">C-3</subfield>
    <subfield code="w">2016-07-25</subfield>
    <subfield code="y">BK</subfield>
  </datafield>
  <datafield tag="952" ind1=" " ind2=" ">
    <subfield code="0">0</subfield>
    <subfield code="1">0</subfield>
    <subfield code="2">ddc</subfield>
    <subfield code="4">0</subfield>
    <subfield code="7">0</subfield>
    <subfield code="8">NFIC</subfield>
    <subfield code="a">RUCL</subfield>
    <subfield code="b">RUCL</subfield>
    <subfield code="c">Stack</subfield>
    <subfield code="d">1996-09-02</subfield>
    <subfield code="e">Gronthagar Biggan Bivag</subfield>
    <subfield code="g">150.00</subfield>
    <subfield code="l">0</subfield>
    <subfield code="o">B 010 SAG 1995</subfield>
    <subfield code="r">2016-07-25 00:00:00</subfield>
    <subfield code="t">C-4</subfield>
    <subfield code="w">2021-12-09</subfield>
    <subfield code="y">BK</subfield>
  </datafield>
  <datafield tag="952" ind1=" " ind2=" ">
    <subfield code="0">0</subfield>
    <subfield code="1">0</subfield>
    <subfield code="2">ddc</subfield>
    <subfield code="4">0</subfield>
    <subfield code="7">0</subfield>
    <subfield code="8">NFIC</subfield>
    <subfield code="a">RUCL</subfield>
    <subfield code="b">RUCL</subfield>
    <subfield code="c">Stack</subfield>
    <subfield code="d">1996-09-02</subfield>
    <subfield code="e">Gronthagar Biggan Bivag</subfield>
    <subfield code="g">150.00</subfield>
    <subfield code="l">0</subfield>
    <subfield code="o">B 010 SAG 1995</subfield>
    <subfield code="r">2016-07-25 00:00:00</subfield>
    <subfield code="t">C-5</subfield>
    <subfield code="w">2021-12-09</subfield>
    <subfield code="y">BK</subfield>
  </datafield>
  <datafield tag="952" ind1=" " ind2=" ">
    <subfield code="0">0</subfield>
    <subfield code="1">0</subfield>
    <subfield code="2">ddc</subfield>
    <subfield code="4">0</subfield>
    <subfield code="7">0</subfield>
    <subfield code="8">NFIC</subfield>
    <subfield code="a">RUCL</subfield>
    <subfield code="b">RUCL</subfield>
    <subfield code="c">Stack</subfield>
    <subfield code="d">1996-09-02</subfield>
    <subfield code="e">Gronthagar Biggan Bivag</subfield>
    <subfield code="g">150.00</subfield>
    <subfield code="l">2</subfield>
    <subfield code="o">B 010 SAG 1995</subfield>
    <subfield code="r">2023-03-09 00:00:00</subfield>
    <subfield code="s">2023-02-23</subfield>
    <subfield code="t">C-6</subfield>
    <subfield code="w">2016-07-25</subfield>
    <subfield code="y">BK</subfield>
  </datafield>
</record>
